Implementing the 2030 Agenda into the University Strategy

Univerzity zohrávajú kľúčovú úlohu pri dosahovaní Agendy 2030 s cieľmi trvalo udržateľného rozvoja. Univerzity vytvárajú a zdieľajú poznatky založené na výskume s cieľom zvýšiť povedomie verejnosti a obhajovať udržateľné postupy. Vytváranie a uplatňovanie inovatívnych postupov, šírenie vedomostí a n...

Descrizione completa

Salvato in:
Dettagli Bibliografici
Autore principale: Chomová, Katarína, 1983-
Altri autori: Dubcová, Gabriela, 1968-
Natura: Capitolo di libro
Lingua:inglese
Soggetti:
Tags: Aggiungi Tag
Nessun Tag, puoi essere il primo ad aggiungerne!!

MARC

LEADER 00000naa$a2200000$$$4500
001 0290230
005 20240502083937.9
041 0 |a eng 
044 |a CZ 
245 1 0 |a Implementing the 2030 Agenda into the University Strategy  |c Katarína Chomová, Gabriela Dubcová 
520 |a Univerzity zohrávajú kľúčovú úlohu pri dosahovaní Agendy 2030 s cieľmi trvalo udržateľného rozvoja. Univerzity vytvárajú a zdieľajú poznatky založené na výskume s cieľom zvýšiť povedomie verejnosti a obhajovať udržateľné postupy. Vytváranie a uplatňovanie inovatívnych postupov, šírenie vedomostí a nový model vzdelávania nie je ľahká úloha, ale je čoraz nevyhnutnejšia pre súčasný kontext, ktorý si vyžaduje naliehavé a efektívne zmeny trvalo udržateľného rozvoja. Cieľom tohto článku je navrhnúť nový model implementácie udržateľnosti do univerzitnej stratégie. 
610 2 0 |a univerzity 
610 2 0 |a rozvoj trvalo udržateľný 
610 2 0 |a implementácia 
610 2 0 |a inovácia 
100 1 |a Chomová, Katarína, 1983- 
700 1 |a Dubcová, Gabriela, 1968-